Geography Quiz

Random Geography or Blitz Quiz

Countries by Capitals: Oceania Quiz Stats

 Plays Quiz Updated Apr 15, 2018

Challenge
Share
Tweet
Embed
Score 0/14 Timer 02:00
17 Plays Today
Question Answer Wrong Answers
Wellington New Zealand
94.9%
Australia
1%
Marshall Islands
0.9%
Samoa
0.5%
Canberra Australia
93.1%
New Zealand
2.3%
Micronesia
1%
Fiji
0.8%
Port Moresby Papua New Guinea
83.5%
Tuvalu
3.5%
Vanuatu
4.2%
Tonga
5.3%
Suva Fiji
78%
Samoa
8.4%
Marshall Islands
4.2%
Nauru
6%
Apia Samoa
71.6%
Vanuatu
6.5%
American Samoa
12%
Tuvalu
6.4%
Tarawa Kiribati
67.8%
Nauru
7.9%
Palau
9.2%
Solomon Islands
11%
Honiara Solomon Islands
66.2%
Marshall Islands
12.6%
Tonga
11.1%
Papua New Guinea
6.1%
Nuku Ľalofa Tonga
65.4%
Palau
12%
Micronesia
10.6%
Fiji
8.4%
Majuro Marshall Islands
65%
Papua New Guinea
6.3%
Samoa
9.1%
Guam
15.7%
Funafuti Tuvalu
61.6%
Vanuatu
18.1%
Nauru
7.4%
Palau
9.1%
Yaren Nauru
60.2%
Micronesia
15.6%
Vanuatu
12.6%
Samoa
7.6%
Port Vila Vanuatu
60%
Tuvalu
12.7%
Fiji
10.7%
Tonga
13%
Palikir Micronesia
57.5%
Marshall Islands
10.7%
Tonga
7.6%
Palau
20.4%
Ngerulmud Palau
50.3%
Nauru
18.1%
Marshall Islands
12.4%
Micronesia
15.3%

You're not logged in!

Compare scores with friends on all Sporcle quizzes.
Join for Free
OR
Log In

You Might Also Like...

Show Comments

Extras

Top Quizzes Today


Score Distribution

Your Account Isn't Verified!

In order to create a playlist on Sporcle, you need to verify the email address you used during registration. Go to your Sporcle Settings to finish the process.

Report this User

Report this user for behavior that violates our Community Guidelines.

Details: